000 00640nam a2200193 i 4500
001 134519
003 ES-MaACL
005 20230906194706.0
007 t|
008 070911s1972 sp ||||1| spa d
100 1 _aWeber, Max.
_9116265
245 1 0 _aEnsayos de sociología contemporánea /
_cMax Weber ; selección e introducción de H. H. Gerth y C. Wright Mills ; [traducción de Mireia Bofill].
260 _aMadrid :
_bMartínez Roca,
_c[1972]
300 _a564 p. ;
_c20 cm.
700 1 _aGerth, H. H.
_956508
700 1 _aMills, C. Wright.
_981277
700 1 _aBofill, Mireia.
_929779
852 _aES-MaACL
_jC-48620
_bR.83392
999 _c134519
_d134519